| 000 | 00486ata a2200193 4500 | ||
|---|---|---|---|
| 005 | 20160902110245.0 | ||
| 008 | 150515b xxu||||| |||| 00| 0 spa d | ||
| 041 | _aspa | ||
| 082 | _a323 P538d | ||
| 100 |
_aPhelps, Glenn _917432 |
||
| 100 |
_aPoirier, Robert _917433 |
||
| 245 | _aDebates contemporáneos sobre libertades civiles | ||
| 260 | _aMéxico | ||
| 260 | _bEdiciones Prisma | ||
| 260 | _c1988 | ||
| 300 | _a294 páginas | ||
| 650 |
_aDERECHOS HUMANOS _9166 |
||
| 942 | _cBK | ||
| 999 |
_c5545 _d5545 |
||